Statistics for Guess The US City by Picture

Click here to take the quiz!

General Stats

  • This quiz has been taken 106 times
  • The average score is 18 of 19

Answer Stats

Answer% Correct
New York City
99%
Los Angeles
98%
Chicago
98%
Seattle
98%
Washington DC
97%
Boston
95%
Atlanta
95%
Miami
94%
Austin
94%
Detroit
94%
Philadelphia
94%
San Francisco
93%
Phoenix
93%
Denver
93%
San Diego
92%
Baltimore
90%
Portland
89%
San Antonio
83%
San Jose
78%

Score Distribution

Percentile by Number Answered

Percent of People with Each Score

Your Score History

You have not taken this quiz